Specifier (Record no. 76693)

MARC details
000 -LEADER
fixed length control field 00852cab a2200205 4500
001 - CONTROL NUMBER
control field ##L132922
008 - FIXED-LENGTH DATA ELEMENTS--GENERAL INFORMATION
fixed length control field 060323n2006 000 0 eng u
035 ## - SYSTEM CONTROL NUMBER
System control number (Sirsi) u132922
041 0# - LANGUAGE CODE
Language code of text/sound track or separate title eng
110 2# - MAIN ENTRY--CORPORATE NAME
Corporate name or jurisdiction name as entry element Barbour Index
9 (RLIN) 2548
245 00 - TITLE STATEMENT
Title Specifier
Remainder of title cladding
260 ## - PUBLICATION, DISTRIBUTION, ETC.
Date of publication, distribution, etc. 2006
490 #0 - SERIES STATEMENT
Series statement Building
Volume/sequential designation 271(8420) 3 March 2006, 70-80(8)
520 ## - SUMMARY, ETC.
Summary, etc. Reports on an unique cladding system used for an office building in China. Other articles look at a range of new cladding products, fixing options for curtain walling, and the durability and whole-life costs of timber cladding. With a guide to the main suppliers of cladding and curtain walling.
590 ## - LOCAL NOTE (RLIN)
Local note IKA280306
690 ## - LOCAL SUBJECT ADDED ENTRY--TOPICAL TERM (OCLC, RLIN)
Topical term or geographic name as entry element BUILT ENVIRONMENT-BUILDING ELEMENTS-COMPLETE BUILDING ELEMENTS-WALLS-EXTERNAL WALLS
700 1# - ADDED ENTRY--PERSONAL NAME
Personal name Brownrigg, Scott
700 1# - ADDED ENTRY--PERSONAL NAME
Personal name Mayer, Peter
942 ## - ADDED ENTRY ELEMENTS (KOHA)
Suppress in OPAC 0
Holdings
Withdrawn status Lost status Source of classification or shelving scheme Damaged status Not for loan Home library Current library Shelving location Date acquired Total Checkouts Full call number Barcode Date last seen Copy number Price effective from Koha item type
    Dewey Decimal Classification     London London Journal article 23/03/2006   L132922 132922-1001 06/08/2019 1 06/08/2019 Journal article